000
00197 a2200097 4500
020
_a
9788434839632
041
_a
spa
100
_a
Gusti Ricardo Alcantara
245
_a
El Joven Guerrero
942
_c
K
999
_c
28816
_d
28816